Programa de Gramática que para la enseñanza de los alumnos de las Escuelas Públicas de S. Martín de Provensals
Saved in:
| Main Author: | |
|---|---|
| Other Authors: | |
| Format: | Unknown |
| Language: | Spanish |
| Published: |
1-Barcelona,España
Sucesores de Blas Camí, Libreros-Editores
1920
|
| Edition: | 13ª |
| Textbook Catalogue: | MANES: Library Catalog Search Result |
| Textbook Classification: |
|
| Tags: |
Add Tag
No Tags, Be the first to tag this record!
|
| Added to: | 2016-04-26 |
| Changed in: | 2024-11-20 |
MARC
| LEADER | 000000000a22000000004500 | ||
|---|---|---|---|
| 001 | 14198 | ||
| 003 | OSt | ||
| 005 | 20241121020135.0 | ||
| 008 | 160427s sp ||||| |||| 00| 0 spa d | ||
| 041 | 1 | |a spa | |
| 040 | |c centro_manes | ||
| 691 | 7 | |a PRI | |
| 100 | 1 | |a D S F |b Autor, Maestro |9 10051 | |
| 700 | 1 | |a J A |b Autor, Maestro |9 10052 |a J T |9 10053 |a R M |9 10054 | |
| 245 | 0 | 0 | |a Programa de Gramática que para la enseñanza de los alumnos de las Escuelas Públicas de S. Martín de Provensals |
| 250 | |a 13ª | ||
| 260 | 3 | |a 1-Barcelona,España |b Sucesores de Blas Camí, Libreros-Editores |c 1920 | |
| 300 | |a 66 p. |c 17 x 11 cm | ||
| 500 | |a nivel: Libro destinado a la escuela. | ||
| 690 | 0 | |a LEN | |
| 942 | |2 ddc |c BK | ||
| 999 | |c 20172 |d 20172 | ||
| 999 | |c manes:20172 |d 20172 | ||